| 000 | 00566nam a22001337a 4500 | ||
|---|---|---|---|
| 040 | _cRUA | ||
| 082 | _aANS TOU 2018 B648 Or.1 | ||
| 100 | _aTOUCH THAILY ទូច ថៃលី | ||
| 245 | _aeffect of dried moringa leaf to mixe with feed ingredients on growth performance of quals ឥទ្ធិពលរបស់ស្លឹកម្រុំក្រៀមជាចំណីផ្សំលើការលូតលាស់របស់ក្រូច | ||
| 260 |
_aRUA _bPhnom penh _c2018 |
||
| 300 |
_axi;46p _bill; _c29cm |
||
| 856 | _uTOUCH THAILY | ||
| 942 | _cANS | ||
| 999 |
_c18254 _d18254 |
||